Racjonalne i humanistyczne aspekty polityki zatrudnienia Wyniki badan ankietowych
Gespeichert in:
| Format: | Buch |
|---|---|
| Sprache: | Polnisch |
| Veröffentlicht: |
Lódz
Uniwersytet
1986
|
| Ausgabe: | 1. wyd. |
| Schriftenreihe: | Acta Universitatis Lodziensis
63 |
| Tags: |
Keine Tags, Fügen Sie das erste Tag hinzu!
|
MARC
| LEADER | 00000nam a2200000 4500 | ||
|---|---|---|---|
| 001 | c028983 | ||
| 005 | 20250630074949.2 | ||
| 041 | 0 | |a pol | |
| 044 | |a PL | ||
| 245 | 1 | 0 | |a Racjonalne i humanistyczne aspekty polityki zatrudnienia |b Wyniki badan ankietowych |
| 250 | |a 1. wyd. | ||
| 264 | 1 | |a Lódz |b Uniwersytet |c 1986 | |
| 300 | |a 321 s. | ||
| 490 | 1 | |a Acta Universitatis Lodziensis |v 63 | |
| 830 | 0 | |a Acta Universitatis Lodziensis |v 63 | |